Vibration Study; To device as many means as possible to determine moment of inertia of engineering components by utilising torsional vibration methods, and to study these methods (Record no. 323503)

000 -LEADER
fixed length control field 00470 a2200133 4500
001 - CONTROL NUMBER
control field 88430
082 ## - DEWEY DECIMAL CLASSIFICATION NUMBER
Classification number PR 645
090 ## - LOCALLY ASSIGNED LC-TYPE CALL NUMBER (OCLC); LOCAL CALL NUMBER (RLIN)
-- 41855
-- 41855
100 ## - MAIN ENTRY--PERSONAL NAME
Personal name Project
245 ## - TITLE STATEMENT
Title Vibration Study; To device as many means as possible to determine moment of inertia of engineering components by utilising torsional vibration methods, and to study these methods
260 ## - PUBLICATION, DISTRIBUTION, ETC.
Place of publication, distribution, etc. Karachi
Name of publisher, distributor, etc. University of Karachi
Date of publication, distribution, etc. 1970
300 ## - PHYSICAL DESCRIPTION
Extent 106p.
500 ## - GENERAL NOTE
General note BE Project Reports
942 ## - ADDED ENTRY ELEMENTS (KOHA)
Institution code [OBSOLETE] University of Karchi
Call number prefix PR 645
Holdings
Withdrawn status Lost status Damaged status Not for loan Collection code Permanent Location Current Location Date acquired Total Checkouts Full call number Barcode Date last seen Price effective from Koha item type
          College of Aeronautical Engineering (CAE) College of Aeronautical Engineering (CAE) 04/03/2017   PR 645 CAEPR-645 04/05/2017 04/05/2017 Book
© 2023 Central Library, National University of Sciences and Technology. All Rights Reserved.